[Event "Montreal Pere Noel op"]
[Site "Montreal"]
[Date "2024.12.28"]
[Round "3"]
[White "Gagnon, Serge"]
[Black "Cebria Oliveira, Gabriel"]
[Result "0-1"]
[WhiteElo "1996"]
[BlackElo "1764"]
[PlyCount "106"]
[EventDate "2024.12.27"]
[EventType "swiss"]
[EventRounds "5"]
[EventCountry "CAN"]
[SourceTitle "CB04_2025"]
[SourceDate "2025.01.22"]
[SourceVersion "1"]
[SourceVersionDate "2025.01.22"]
[SourceQuality "1"]

1. d4 Nf6 2. c4 d6 3. Nc3 g6 4. e4 Bg7 5. Nf3 0-0 6. Be2 e5 7. 0-0 Bg4 8. d5 a5 9. Ne1 Bd7 10. Nd3 Na6 11. Be3 Ne8 12. Rc1 f5 13. f3 f4 14. Bf2 b6 15. b3 g5 16. a3 Nc5 17. b4 Nxd3 18. Qxd3 h5 19. c5 g4 20. cxb6 cxb6 21. Rc2 axb4 22. axb4 Rb8 23. Ra1 Qg5 24. Ra7 Rf7 25. fxg4 hxg4 26. Bf1 Nf6 27. Rca2 Nh5 28. g3 fxg3 29. hxg3 Rf3 30. Qd2 Qd8 31. Be2 Rf7 32. Qd1 Qg5 33. Ra8 Rff8 34. Rxb8 Rxb8 35. Qd2 Qxd2 36. Rxd2 Rc8 37. Rd3 b5 38. Kg2 Nf6 39. Be3 Rc4 40. Nd1 Rxb4 41. Rc3 Rxe4 42. Bd3 Ra4 43. Bc2 Ra8 44. Rc7 Rc8 45. Rxc8+ Bxc8 46. Bb3 Bb7 47. Nc3 b4 48. Na2 Bxd5+ 49. Bxd5+ Nxd5 50. Bd2 b3 51. Nc3 Nxc3 52. Bxc3 e4 53. Bxg7 Kxg7 0-1